000 01186cam a2200313 a 4500
001 15262001
005 20080623155353.0
008 080415s2008 inua 001 0 eng
010 _a 2008017300
015 _aGBA866296
_2bnb
016 7 _a014614616
_2Uk
020 _a9780672329722 (pbk.)
035 _a(OCoLC)ocn183258966
035 _a(OCoLC)183258966
040 _aDLC
_cDLC
_dYDX
_dBTCTA
_dBAKER
_dYDXCP
_dUKM
_dDLC
050 0 0 _aTK5105.8885.M57
_bP692 2008
082 0 0 _a006.7882
_222
_bPOW
100 1 _aPowers, Lars.
_94596
245 1 0 _aMicrosoft Visual Studio 2008 unleashed /
_cLars Powers, Mike Snell.
260 _aIndianapolis, Ind. :
_bSAMS,
_cc2008.
300 _axx, 1219 p. :
_bill. ;
_c24 cm.
630 0 0 _aMicrosoft Visual studio.
_94597
650 0 _aMicrosoft .NET Framework.
_94598
650 0 _aApplication software
_xDevelopment.
_94599
700 1 _aSnell, Mike.
_94600
942 _2ddc
_cBB
999 _c11500
_d11500